Typové výstupní sestavy doplněk 1

Gespeichert in:
Bibliographische Detailangaben
1. Verfasser: Fiedlerová, Helena
Format: Buch
Sprache:Tschechisch
Veröffentlicht: Praha Ústředí vědeckých, technických a ekonomických informací 1980
Tags: Tag hinzufügen
Keine Tags, Fügen Sie das erste Tag hinzu!

MARC

LEADER 00000nam a2200000 4500
001 c111329
005 20251204130759.6
041 0 |a cze 
044 |a CZ 
245 1 0 |a Typové výstupní sestavy  |b doplněk 1  |c Helena Fiedlerová 
264 1 |a Praha  |b Ústředí vědeckých, technických a ekonomických informací  |c 1980 
300 |a 20 s. 
100 1 |a Fiedlerová, Helena